| Поле | Инд. | ПП | Название | Значение |
|---|---|---|---|---|
| Тип записи | a | |||
| Библиографический уровень | a | |||
| 001 | Контрольный номер | RU/IS/BASE/446648980 | ||
| 005 | Дата корректировки | 20150513113539.8 | ||
| 020 | a | ISBN | 978-5-7609-0781-3 | |
| 040 | a | Служба первич. каталог. | НБ ТвГУ | |
| b | Код языка каталог. | rus | ||
| e | Правила каталог. | PSBO | ||
| 041 | 0_ | a | Код языка текста | rus |
| 100 | 1_ | a | Автор | Григорьева Елена Яковлевна |
| q | Полное имя | Григорьева Е. Я. | ||
| 245 | 10 | a | Заглавие | Гуманитарно-гуманистическая методология иноязычного образования в средней школе |
| 260 | a | Место издания | Москва | |
| b | Издательство | Тверской государственный университет | ||
| c | Дата издания | 2012 | ||
| 504 | a | Библиография | Библиогр.: с. 36-38 (31 назв.) | |
| 520 | a | Аннотация | Модернизация школьного иноязычного образования в средней школе на основе общих тенденций гуманитарно-гуманистической методологии. | |
| 653 | a | Ключевые слова | Гуманитарно-гуманистическая методология | |
| 653 | 1_ | a | Ключевые слова | Иноязычное образование |
| 653 | 1_ | a | Ключевые слова | Средняя школа |
| 653 | 1_ | a | Ключевые слова | Модернизация образования |
| 653 | 1_ | a | Ключевые слова | Гуманизация образования |
| 653 | 1_ | a | Ключевые слова | Антропоцентризм |
| 773 | 08 | w | Контрольный № источника | RU/IS/BASE/429802814 |
| t | Название источника | Язык и коммуникация в контексте образования и культуры | ||
| d | Место и дата издания | Москва ; Тверь : Тверской государственный университет, 2012 | ||
| g | Прочая информация | Вып. 4. - С. 26-38 | ||
| 901 | t | Тип документа | a | |
| 920 | a | Оператор | Нови |